000 00852nam a2200241 a 4500
001 56144
003 BD-RjUL
005 20211209080346.0
008 161127s2005 ii a|||| |||| 001 0 eng d
020 _a8120328361
035 _a(BD-RjUL)56268
040 _beng
_dBD-RjUL
_aBD-RjUL
_cBD-RjUL
041 _aeng
082 0 4 _a005.58
_223
_bATB 2005.
100 1 _aAtkinson, Cliff.
_9167127
245 1 0 _aBeyond bullet points :
_busing Microsoft PowerPoint to create presentations that inform, motivate, and inspire /
_cCliff Atkinson.
260 _aIndia :
_bPrentice- Hall of India Private Ltd.,
_cc2005.
300 _axv, 223 p. :
_bill. ;
_c23 cm.
500 _aIncludes index.
650 0 _aBusiness presentations.
_vGraphic methods.
_xComputer programs.
_9167128
650 0 _aMultimedia systems in business presentations.
_9167129
942 _2ddc
_cBK
999 _c56144
_d56144